00933pam a2200253 a 450000100060000000300080000600500170001400800390003102000150007002000270008503500190011204000230013104100080015408200310016210000170019324501890021026000450039930000340044450400200047865000370049865000480053570000240058371000720060712497BD-RjUL20211208235314.0140129s1984 dcua b 001 0 eng a0870444778 a0870444824 (lib. bdg.) a(BD-RjUL)12546 aDLCcDLCdDLCbeng aeng00a333.95160973219bGRW 19841 aGrove, Noel.10aWild lands for wildlife :bAmerica's national refuges /cby Noel Grove ; photographed by Bates Littlehales ; prepared by the Special Publications Division, National Geographic Society. aWashington, D.C. :bThe Society,cc1984. a204 p. :bcol. ill. ;c26 cm. aIncludes index. 0aWildlife refugeszUnited States. 0aNational parks and reserveszUnited States.1 aLittlehales, Bates.2 aNational Geographic Society (U.S.).bSpecial Publications Division.